000
00213nam a22000857a 4500
999
_c
4914
_d
4914
008
161213b xxu||||| |||| 00| 0 eng d
020
_a
9788183414814
100
_9
2039
_a
Rohan Book
245
_a
Tell me Where
260
_a
New Delhi
_b
Rohan Book
_c
2012